00756nam a2200217 i 450000100060000000300080000600500170001400800390003102000150007003500190008504000320010404100130013608200250014910000270017424501010020126000730030230000560037560000270043165000330045865100470049123719BD-RjUL20211209000949.0140311r19471935pauaf 000 0aeng a0841472823 a(BD-RjUL)23784 aDLCcDLCdDLCdBD-RjULbeng1 aenghger00a953.004927bRAB 19471 aRaswan, Carl Reinhard.10aBlack tents of Arabia :b(my life among the Bedouins) /cCarl R. Raswan ; photos. by the author. aFolcroft, Pa. :bFolcroft Library Editions,cc1935 [Reprinted 1947]. axvi, 206 p., [8] leaves of plates :bill. ;c23 cm.10aRaswan, Carl Reinhard. 0aBedouinszArabian Peninsula. 0aArabian PeninsulaxDescription and travel.